Score 0/20 Timer 03:00
2 Plays Today
% Correct
Quinn
94.1%
Quan
93.8%
Qatar
90.8%
Quincy
87.6%
Quebec
84.8%
Quimby
78%
Quark
77.8%
Quito
77.6%
Quiver
77.2%
Quentin
76.7%
% Correct
Quartz
71%
Quinine
49.8%
Quarterback
34.6%
Quilting
34.2%
Queensland
30.7%
Quoits
27.5%
Quicksilver
21.8%
Quintuplet
12%
Quadrille
9.6%
Qaanaaq
6.2%

You're not logged in!

Compare scores with friends on all Sporcle quizzes.
OR
Log In

Sporcle TV

Today on Sporcle TV


Watch our educational content, quiz creation guides, and fun videos on Sporcle TV.

Show Comments

Extras

Top Quizzes Today


Score Distribution

Paid Content

Your Account Isn't Verified!

In order to create a playlist on Sporcle, you need to verify the email address you used during registration. Go to your Sporcle Settings to finish the process.

Report this User

Report this user for behavior that violates our Community Guidelines.

Details: